000 00654nam a22001697a 4500
999 _c64012
_d64012
005 20260309125305.0
008 260309s2023 enk||||| |||| 00| 0 eng d
020 _a9780520390119x
041 _aeng
080 _a338(520) U-16
100 _aUchida, Jun
_927089
245 _aProvincializing Empire:
_bOmi Merchants in the Japanese Transpacific Diaspora /
_c Jun Uchida.
264 _aOakland :
_bUniversity of California Press,
_c2023.
300 _a362 p.:
_bill.;
_c23 cm.
653 _aვაჭრები იაპონიის ტრანსწყნარი ოკეანის დიასპორაში
942 _2udc
_cᲬᲘᲒᲜᲘ